000 00767nam a2200253Ia 4500
003 OSt
005 20220918165918.0
006 a|||||r|||| 00| 0
007 ta
008 220917b |||||||| |||| 00| 0 eng d
020 _a8179300927 (pbk)
024 _a238,482
037 _cTextual
040 _aARTS
_cARTS
_beng
041 _2eng
_aeng
082 _aV2,8.N, P4
100 _aPradhan Arbinda
_926087
245 0 _aPublic administration
_b a concise overview of the subject for the UPSC civil services preliminary examination optional paper
260 _aNew Delhi
_bSpectrum Books Pvt. Ltd. India
_c2004
300 _aviii, 467p.
_ccm.
650 _aHISTORY
942 _hV2,8.N, P4
_cTEXL
_2CC
999 _c131687
_d131687